[Event "Wch U14 Girls"]
[Site "Montesilvano"]
[Date "2023.11.16"]
[Round "4"]
[White "Seyhan, Pelin"]
[Black "Huseynova, Lala"]
[Result "0-1"]
[WhiteElo "1461"]
[BlackElo "1867"]
[PlyCount "94"]
[EventDate "2023.11.13"]
[EventType "swiss"]
[EventRounds "11"]
[EventCountry "ITA"]
[SourceTitle "CB48_2023"]
[SourceDate "2023.11.29"]
[SourceVersion "1"]
[SourceVersionDate "2023.11.29"]
[SourceQuality "1"]

1. d4 d5 2. Bf4 c5 3. e3 Nc6 4. Nd2 cxd4 5. exd4 Nxd4 6. c3 Nc6 7. Ngf3 Nf6 8. Bb5 e6 9. Qe2 Bd6 10. Ne5 Qc7 11. c4 Nd7 12. Nxd7 Bxf4 13. Bxc6 bxc6 14. Nc5 Bd6 15. Ncb3 Ba6 16. h3 0-0 17. 0-0 c5 18. Rac1 Rac8 19. Rfd1 Qb6 20. Qh5 Bb7 21. Nf3 a5 22. Rc2 a4 23. Nbd2 h6 24. Nf1 d4 25. N1d2 Qc6 26. Re1 e5 27. Ne4 Bb8 28. Nh4 Rce8 29. Rd2 Bc8 30. g4 Bc7 31. Rd3 Bd8 32. Nf5 Re6 33. Rg3 Rg6 34. h4 Bd7 35. Rd3 Be8 36. Ned6 Rxd6 37. Nxd6 Qxd6 38. Qxe5 Bc7 39. Qxd6 Bxd6 40. b3 axb3 41. Rxb3 Ba4 42. Rb6 Rd8 43. Ra6 Bc2 44. g5 hxg5 45. hxg5 d3 46. g6 fxg6 47. Re6 Bf8 0-1

[Event "TUR-chT Clubs"]
[Site "Konya"]
[Date "2019.07.19"]
[Round "6.12"]
[White "Seyhan, Pelin"]
[Black "Koc, Azra Ece"]
[Result "0-1"]
[WhiteElo "1333"]
[BlackElo "1527"]
[PlyCount "130"]
[EventDate "2019.07.16"]
[EventType "team-swiss"]
[EventRounds "9"]
[EventCountry "TUR"]
[SourceTitle "CBM 191 Extra"]
[Source "ChessBase"]
[SourceDate "2019.09.30"]
[SourceVersion "1"]
[SourceVersionDate "2019.09.30"]
[SourceQuality "1"]
[WhiteTeam "Ermenek Turkuaz Yelken"]
[BlackTeam "Yalova Beyaz Fil"]
[WhiteTeamCountry "TUR"]
[BlackTeamCountry "TUR"]

1. Nf3 Nf6 2. b3 d5 3. Bb2 e6 4. e3 c5 5. d4 Nc6 6. Bb5 a6 7. Bxc6+ bxc6 8. Ne5 Qc7 9. Nd2 Bd6 10. 0-0 0-0 11. f4 cxd4 12. Bxd4 c5 13. Bc3 Bb7 14. Ng4 Nxg4 15. Qxg4 e5 16. f5 f6 17. e4 c4 18. bxc4 d4 19. Bb2 Bb4 20. Nb3 Qxc4 21. Rf2 a5 22. a3 Bc3 23. Bxc3 dxc3 24. Re2 a4 25. Nc1 Qd4+ 26. Rf2 Qxe4 27. Qxe4 Bxe4 28. Na2 Rac8 29. Re1 Bd5 30. Nb4 Bb7 31. Re3 Rc4 32. g3 Rfc8 33. h3 Kf7 34. Rd3 Rd4 35. g4 g6 36. fxg6+ hxg6 37. Rxd4 exd4 38. Rf4 Rd8 39. Nd3 g5 40. Rf1 Ba6 41. Rf3 Bxd3 42. Rxd3 Ke6 43. Kf2 Ke5 44. Rd1 Rd6 45. Re1+ Kf4 46. Rd1 Ke4 47. Re1+ Kd5 48. Re8 Kc4 49. Rc8+ Kb5 50. Rb8+ Rb6 51. Rd8 Kc5 52. Rc8+ Kd5 53. Rd8+ Ke4 54. Re8+ Kd5 55. Rd8+ Kc5 56. Ke2 Re6+ 57. Kf2 Re3 58. Rc8+ Kd5 59. Rf8 Rxh3 60. Rxf6 Rh2+ 61. Ke1 Rxc2 62. Rf8 d3 63. Rd8+ Ke4 64. Kd1 Ra2 65. Re8+ Kf3 0-1

[Event "TUR-chT Clubs"]
[Site "Konya"]
[Date "2019.07.18"]
[Round "5.18"]
[White "Koyuncu, Haticesu"]
[Black "Seyhan, Pelin"]
[Result "0-1"]
[WhiteElo "1454"]
[BlackElo "1333"]
[PlyCount "116"]
[EventDate "2019.07.16"]
[EventType "team-swiss"]
[EventRounds "9"]
[EventCountry "TUR"]
[SourceTitle "CBM 191 Extra"]
[Source "ChessBase"]
[SourceDate "2019.09.30"]
[SourceVersion "1"]
[SourceVersionDate "2019.09.30"]
[SourceQuality "1"]
[WhiteTeam "Cotanak"]
[BlackTeam "Ermenek Turkuaz Yelken"]
[WhiteTeamCountry "TUR"]
[BlackTeamCountry "TUR"]

1. d4 e6 2. Nf3 b6 3. Bf4 Bb7 4. Nbd2 Nf6 5. e3 Be7 6. Bd3 Na6 7. c3 c5 8. 0-0 0-0 9. Qe2 Nc7 10. Bg3 cxd4 11. exd4 Nh5 12. Ne5 Nf6 13. Rfe1 Rc8 14. Rac1 Ncd5 15. Ne4 d6 16. Nf3 Nh5 17. h3 Ndf4 18. Bxf4 Nxf4 19. Qe3 Nxd3 20. Qxd3 Qd7 21. Neg5 g6 22. Ne4 Qc6 23. Qe3 Kg7 24. Rcd1 Qd5 25. a3 Qb5 26. Qe2 Qxe2 27. Rxe2 a5 28. Nfd2 Ba6 29. Ree1 d5 30. Ng3 Bg5 31. Ne2 Bxd2 32. Rxd2 Bxe2 33. Rdxe2 b5 34. Re3 Rb8 35. b3 Rfc8 36. Rc1 Rc6 37. Kf1 Rbc8 38. Ke2 b4 39. axb4 axb4 40. Kd2 Kf8 41. g4 g5 42. Rd3 Ke7 43. Ke3 Rxc3 44. Rdxc3 Rxc3+ 45. Rxc3 bxc3 46. Kd3 Kd6 47. Kxc3 f6 48. Kd3 e5 49. f3 Kc6 50. b4 Kb5 51. Kc3 Ka4 52. h4 gxh4 53. g5 exd4+ 54. Kxd4 fxg5 55. Kc5 h3 56. b5 h2 57. b6 h1Q 58. b7 Qc1+ 0-1

[Event "TUR-chT Clubs"]
[Site "Konya"]
[Date "2019.07.17"]
[Round "3.13"]
[White "Kilic, Gulseren"]
[Black "Seyhan, Pelin"]
[Result "1-0"]
[WhiteElo "1422"]
[BlackElo "1333"]
[PlyCount "49"]
[EventDate "2019.07.16"]
[EventType "team-swiss"]
[EventRounds "9"]
[EventCountry "TUR"]
[SourceTitle "CBM 191 Extra"]
[Source "ChessBase"]
[SourceDate "2019.09.30"]
[SourceVersion "1"]
[SourceVersionDate "2019.09.30"]
[SourceQuality "1"]
[WhiteTeam "Engin Gulec Genclik"]
[BlackTeam "Ermenek Turkuaz Yelken"]
[WhiteTeamCountry "TUR"]
[BlackTeamCountry "TUR"]

1. e4 e6 2. d4 d5 3. exd5 exd5 4. c4 Nf6 5. Nc3 Bb4 6. Nf3 0-0 7. Be2 Ne4 8. Bd2 Bxc3 9. bxc3 c5 10. cxd5 cxd4 11. c4 Qf6 12. Bb4 Re8 13. Qxd4 Qxd4 14. Nxd4 Na6 15. a3 Bd7 16. 0-0 Nec5 17. Rfe1 Rac8 18. Bf1 Rxe1 19. Rxe1 Nxb4 20. axb4 Na6 21. Re7 Ba4 22. Rxb7 Bd1 23. c5 Bg4 24. Bxa6 Re8 25. h3 1-0